[Event "New York Int op 13th"]
[Site "New York"]
[Date "2025.07.20"]
[Round "8"]
[White "Brodsky, David"]
[Black "Maksimenko, Andrei"]
[Result "1/2-1/2"]
[WhiteElo "2524"]
[BlackElo "2412"]
[PlyCount "114"]
[EventDate "2025.07.16"]
[EventType "swiss"]
[EventRounds "9"]
[EventCountry "USA"]
[SourceTitle "CB30_2025"]
[SourceDate "2025.07.23"]
[SourceVersion "1"]
[SourceVersionDate "2025.07.23"]
[SourceQuality "1"]

1. e4 c5 2. Nf3 d6 3. d4 cxd4 4. Nxd4 Nf6 5. Nc3 a6 6. Be3 e6 7. a3 b5 8. g4 Bb7 9. Bg2 Nfd7 10. Qe2 Nb6 11. 0-0-0 Be7 12. Kb1 N8d7 13. f4 Rc8 14. Nd5 0-0 15. Nxe7+ Qxe7 16. g5 g6 17. h4 Nc4 18. h5 e5 19. Nb3 Nxe3 20. Qxe3 exf4 21. Qxf4 Ne5 22. Qh4 f6 23. hxg6 Nxg6 24. gxf6 Rxf6 25. Qe1 Re8 26. Nd4 Bxe4 27. Bxe4 Qxe4 28. Qc3 Rf7 29. Rde1 Qa8 30. Qb3 Re5 31. Reg1 Qd5 32. Qh3 Kf8 33. Rd1 Re8 34. Rhf1 Rxf1 35. Rxf1+ Kg8 36. Rh1 Re7 37. Nf5 Rc7 38. Re1 Qd2 39. Qb3+ Rc4 40. Rc1 d5 41. Ne3 Rc5 42. Rd1 Qe2 43. Rxd5 Rxd5 44. Qxd5+ Kg7 45. Qe6 Kf8 46. Qf6+ Ke8 47. Qc6+ Kf7 48. Qd5+ Kf6 49. Qf5+ Ke7 50. Qe4+ Kf7 51. b3 h5 52. Qf5+ Kg7 53. Qg5 Kf7 54. Nf5 h4 55. Nh6+ Kg7 56. Nf5+ Kf7 57. Nh6+ Kg7 1/2-1/2

[Event "Titled Tuesday intern op 21st Jan Late"]
[Site "Chess.com INT"]
[Date "2025.01.21"]
[Round "4"]
[White "Brodsky, David"]
[Black "Kashefi, Amir Hossein"]
[Result "1-0"]
[WhiteElo "2519"]
[BlackElo "2118"]
[PlyCount "85"]
[EventDate "2025.01.21"]
[EventType "swiss (blitz)"]
[EventRounds "11"]
[EventCountry "USA"]
[SourceTitle "CB05_2025"]
[SourceDate "2025.01.29"]
[SourceVersion "1"]
[SourceVersionDate "2025.01.29"]
[SourceQuality "1"]

1. e4 c6 2. d4 d5 3. e5 Bf5 4. Nf3 e6 5. Be2 Ne7 6. c3 Nd7 7. 0-0 Bg6 8. Nh4 c5 9. Be3 cxd4 10. cxd4 Nc6 11. Nxg6 hxg6 12. Nd2 Rc8 13. Nf3 Be7 14. g3 f5 15. h4 0-0 16. Kg2 a6 17. a3 b5 18. Rc1 Nb6 19. Rh1 Nc4 20. Bg5 Nxb2 21. Qd2 Nc4 22. Qf4 Qd7 23. h5 gxh5 24. Rxh5 Kf7 25. Rh7 Rh8 26. Rch1 Rxh7 27. Rxh7 Rg8 28. Qh4 Kf8 29. Rh8 Qe8 30. Bxe7+ Nxe7 31. Ng5 Qg6 32. Nh7+ Ke8 33. Rxg8+ Nxg8 34. Bh5 Qf7 35. Bxf7+ Kxf7 36. Ng5+ Ke7 37. Qh7 Kf8 38. Nxe6+ Kf7 39. Ng5+ Kf8 40. Qxf5+ Ke8 41. Qf7+ Kd8 42. Ne6+ Kc8 43. Qc7# 1-0

[Event "Wch Blitz"]
[Site "New York"]
[Date "2024.12.30"]
[Round "8"]
[White "Brodsky, David"]
[Black "Donchenko, Alexander"]
[Result "0-1"]
[WhiteElo "2538"]
[BlackElo "2618"]
[PlyCount "84"]
[EventDate "2024.12.30"]
[EventType "swiss (blitz)"]
[EventRounds "13"]
[EventCountry "USA"]
[SourceTitle "CB01_2025"]
[SourceDate "2025.01.01"]
[SourceVersion "1"]
[SourceVersionDate "2025.01.01"]
[SourceQuality "1"]

1. e4 c5 2. Nf3 d6 3. d4 cxd4 4. Nxd4 Nf6 5. Nc3 a6 6. Rg1 b5 7. a4 b4 8. Nd5 Nxd5 9. exd5 Bb7 10. Nf5 Nd7 11. Qd4 Nf6 12. g4 Qc7 13. Bg2 Qc5 14. Be3 Qxd4 15. Bxd4 Rg8 16. 0-0-0 Nxg4 17. Rde1 Rd8 18. Bh3 h5 19. f3 Ne5 20. Bg2 g6 21. f4 Ng4 22. Ng3 Bg7 23. Bb6 Rc8 24. h3 Nf6 25. Rd1 Bh6 26. Rgf1 h4 27. Ne2 g5 28. Kb1 gxf4 29. Bf3 Kf8 30. Bf2 Bg5 31. Rg1 Rc4 32. Rg2 Nd7 33. Rdg1 f6 34. Bxh4 Ne5 35. Bxg5 fxg5 36. Bh5 Bxd5 37. Rxg5 Rxg5 38. Rxg5 f3 39. Ng3 Rf4 40. Rf5+ Rxf5 41. Nxf5 f2 42. Ne3 Bc4 0-1

[Event "Wch Blitz"]
[Site "New York"]
[Date "2024.12.30"]
[Round "3"]
[White "Brodsky, David"]
[Black "Indjic, Aleksandar"]
[Result "0-1"]
[WhiteElo "2538"]
[BlackElo "2647"]
[PlyCount "52"]
[EventDate "2024.12.30"]
[EventType "swiss (blitz)"]
[EventRounds "13"]
[EventCountry "USA"]
[SourceTitle "CB01_2025"]
[SourceDate "2025.01.01"]
[SourceVersion "1"]
[SourceVersionDate "2025.01.01"]
[SourceQuality "1"]

1. e4 c5 2. Nf3 d6 3. d4 cxd4 4. Nxd4 Nf6 5. Nc3 a6 6. Rg1 h5 7. Be3 b5 8. a4 b4 9. Nd5 e6 10. Nxf6+ gxf6 11. Be2 h4 12. Qd2 Qa5 13. Nb3 Qc7 14. Qxb4 Nd7 15. Qd2 Bb7 16. f3 d5 17. 0-0-0 Rc8 18. Kb1 dxe4 19. Na5 exf3 20. gxf3 Nc5 21. Rg4 Rh5 22. Rd4 Be7 23. b3 Rb8 24. Bf2 Bd5 25. Bc4 Nxa4 26. Ka1 Bb4 0-1

[Event "Wch Rapid"]
[Site "New York"]
[Date "2024.12.27"]
[Round "6"]
[White "Degenbaev, Aziz"]
[Black "Brodsky, David"]
[Result "1/2-1/2"]
[WhiteElo "2227"]
[BlackElo "2491"]
[PlyCount "117"]
[EventDate "2024.12.26"]
[EventType "swiss (rapid)"]
[EventRounds "13"]
[EventCountry "USA"]
[SourceTitle "CB01_2025"]
[SourceDate "2025.01.01"]
[SourceVersion "1"]
[SourceVersionDate "2025.01.01"]
[SourceQuality "1"]

1. e4 e5 2. Nf3 Nc6 3. Bc4 Nf6 4. d3 Be7 5. Nc3 d6 6. h3 Na5 7. Bb3 Nxb3 8. axb3 0-0 9. 0-0 h6 10. d4 exd4 11. Qxd4 b6 12. Be3 Bb7 13. Rad1 Re8 14. Rfe1 Nd7 15. Qa4 Bf6 16. Bd4 Nc5 17. Bxc5 bxc5 18. Rd3 Re6 19. Nd5 Bxd5 20. exd5 Rxe1+ 21. Nxe1 Bxb2 22. Nf3 Qe8 23. Qa5 Qd7 24. Re3 Bf6 25. Qa6 g6 26. Re2 Kg7 27. Qb7 Qc8 28. Qc6 a5 29. Re4 Rb8 30. Nd2 Rb6 31. Re8 Qb7 32. Qxb7 Rxb7 33. Ra8 Bc3 34. Nc4 Kf6 35. Kf1 Kf5 36. Ke2 Ke4 37. Ne3 Be5 38. Rxa5 Bd4 39. Ra4 Ke5 40. Ng4+ Kxd5 41. Nxh6 c6 42. Ng4 f5 43. Ne3+ Ke6 44. Ra6 f4 45. Ng4 Kd5 46. Kd3 Re7 47. c3 Bg7 48. c4+ Ke6 49. Rxc6 Rb7 50. Ke4 g5 51. Rc8 Rxb3 52. Rg8 Rb7 53. Re8+ Kf7 54. Rc8 Ke6 55. Re8+ Kd7 56. Rg8 Kc6 57. Rc8+ Kd7 58. Rg8 Ke6 59. Re8+ 1/2-1/2

[Event "Wch Rapid"]
[Site "New York"]
[Date "2024.12.26"]
[Round "2"]
[White "Brodsky, David"]
[Black "Larrea, Manuel"]
[Result "1-0"]
[WhiteElo "2491"]
[BlackElo "2254"]
[PlyCount "63"]
[EventDate "2024.12.26"]
[EventType "swiss (rapid)"]
[EventRounds "13"]
[EventCountry "USA"]
[SourceTitle "CB01_2025"]
[SourceDate "2025.01.01"]
[SourceVersion "1"]
[SourceVersionDate "2025.01.01"]
[SourceQuality "1"]

1. e4 c5 2. Nf3 Nc6 3. d4 cxd4 4. Nxd4 Nf6 5. Nc3 d6 6. Bg5 e6 7. Qd2 a6 8. 0-0-0 Bd7 9. Kb1 Be7 10. Nxc6 Bxc6 11. f3 b5 12. h4 h6 13. Be3 h5 14. Bd3 d5 15. e5 Nd7 16. f4 g6 17. Ne2 Nc5 18. Nd4 Qc7 19. Qf2 b4 20. f5 gxf5 21. Nxf5 Nxd3 22. Ng7+ Kd7 23. cxd3 Raf8 24. Bg5 Bxg5 25. hxg5 Qxe5 26. Nxh5 Kd6 27. Rc1 d4 28. Rhe1 Qxg5 29. Qxd4+ Qd5 30. Qxb4+ Kc7 31. Rxc6+ Qxc6 32. Rc1 1-0

[Event "Wch Rapid"]
[Site "New York"]
[Date "2024.12.26"]
[Round "4"]
[White "Brodsky, David"]
[Black "Nidal, Ahmad"]
[Result "1-0"]
[WhiteElo "2491"]
[BlackElo "1827"]
[PlyCount "65"]
[EventDate "2024.12.26"]
[EventType "swiss (rapid)"]
[EventRounds "13"]
[EventCountry "USA"]
[SourceTitle "CB01_2025"]
[SourceDate "2025.01.01"]
[SourceVersion "1"]
[SourceVersionDate "2025.01.01"]
[SourceQuality "1"]

1. e4 e5 2. Nf3 Nf6 3. Nxe5 d6 4. Nf3 Nxe4 5. d4 d5 6. Bd3 Be7 7. 0-0 0-0 8. c4 c6 9. Re1 Bg4 10. h3 Bf5 11. Qb3 Qb6 12. Nc3 Qxb3 13. axb3 Bb4 14. Nh4 Bg6 15. Nxg6 hxg6 16. Bxe4 dxe4 17. Rxe4 Nd7 18. Bg5 Nf6 19. Bxf6 gxf6 20. Na2 a5 21. Nxb4 axb4 22. Ra4 Rxa4 23. bxa4 b3 24. d5 Rd8 25. Rd4 cxd5 26. cxd5 Kf8 27. Rd3 Ke7 28. Rxb3 Rd7 29. Rb6 f5 30. b4 Kd8 31. d6 f6 32. a5 g5 33. a6 1-0

[Event "Wch Rapid"]
[Site "New York"]
[Date "2024.12.26"]
[Round "3"]
[White "Caruana, Fabiano"]
[Black "Brodsky, David"]
[Result "1-0"]
[WhiteElo "2766"]
[BlackElo "2491"]
[PlyCount "67"]
[EventDate "2024.12.26"]
[EventType "swiss (rapid)"]
[EventRounds "13"]
[EventCountry "USA"]
[SourceTitle "CB01_2025"]
[SourceDate "2025.01.01"]
[SourceVersion "1"]
[SourceVersionDate "2025.01.01"]
[SourceQuality "1"]

1. e4 c5 2. Nf3 d6 3. Bb5+ Bd7 4. c4 Nf6 5. Nc3 g6 6. 0-0 Bg7 7. Bxd7+ Qxd7 8. d4 cxd4 9. Qxd4 0-0 10. Qd3 Na6 11. Bg5 Rac8 12. b3 Nc5 13. Qe2 h6 14. Bd2 Qe6 15. Rae1 Rfd8 16. h3 a6 17. Nd4 Qd7 18. Rd1 e6 19. Nf3 Qc6 20. Rfe1 d5 21. Ne5 Qe8 22. exd5 exd5 23. Qf3 Nce4 24. Ng4 Qc6 25. Nxh6+ Bxh6 26. Bxh6 Nxc3 27. Qxc3 dxc4 28. Rxd8+ Rxd8 29. bxc4 b5 30. c5 Rd5 31. Re5 b4 32. Qf3 Kh7 33. Bg5 Qxc5 34. Qxf6 1-0

[Event "US Masters op"]
[Site "Charlotte"]
[Date "2024.12.01"]
[Round "8"]
[White "Brodsky, David"]
[Black "Tokhirjonova, Gulruhbegim"]
[Result "0-1"]
[WhiteElo "2538"]
[BlackElo "2385"]
[PlyCount "156"]
[EventDate "2024.11.27"]
[EventType "swiss"]
[EventRounds "9"]
[EventCountry "USA"]
[SourceTitle "CB49_2024"]
[SourceDate "2024.12.04"]
[SourceVersion "1"]
[SourceVersionDate "2024.12.04"]
[SourceQuality "1"]

1. e4 c6 2. d4 d5 3. e5 c5 4. c3 Nc6 5. Be2 Bf5 6. Nf3 e6 7. 0-0 h6 8. Be3 Qb6 9. Nbd2 a6 10. Qa4 g5 11. dxc5 Bxc5 12. Nd4 Bxd4 13. cxd4 Qxb2 14. Rfc1 Nge7 15. Bh5 b5 16. Qd1 Nxd4 17. Ne4 Ndc6 18. Nd6+ Kd7 19. Nxf7 Rhf8 20. Bc5 g4 21. a4 b4 22. a5 Rab8 23. Bxe7 Nxe7 24. Qa4+ Rb5 25. Nd6 Bd3 26. Bf7 Qxe5 27. Nxb5 Bxb5 28. Bxe6+ Qxe6 29. Qxb4 h5 30. Qc5 Rc8 31. Qa7+ Kd8 32. Re1 Qd6 33. Rad1 Rc4 34. Qa8+ Kd7 35. Qh8 d4 36. Qh7 Ra4 37. Re4 Bc6 38. Re2 Bb5 39. Re4 Bc6 40. Re2 Bb5 41. Red2 d3 42. Qxh5 Rd4 43. h3 gxh3 44. Qxh3+ Qe6 45. Qf3 Nd5 46. Rc1 Re4 47. Rxd3 Bxd3 48. Qxd3 Re1+ 49. Rxe1 Qxe1+ 50. Kh2 Qxa5 51. Qf5+ Kd6 52. f4 Qe1 53. Qf8+ Qe7 54. Qb8+ Qc7 55. Qf8+ Kc6 56. Qa8+ Qb7 57. Qe8+ Qd7 58. Qa8+ Kb5 59. Qb8+ Kc4 60. Qe5 Qh7+ 61. Kg1 Qa7+ 62. Kh2 Qe3 63. Qa1 Qxf4+ 64. g3 Qd2+ 65. Kh3 a5 66. Qa4+ Qb4 67. Qa2+ Kc5 68. Qf2+ Kb5 69. Qe2+ Qc4 70. Qe8+ Kb4 71. Qb8+ Qb5 72. Qf8+ Qc5 73. Qb8+ Kc4 74. Qe8 Kb3 75. Qe1 Qc8+ 76. Kh2 Qh8+ 77. Kg2 Qc3 78. Qe6 Qc4 0-1

[Event "Titled Tuesday intern op 26th Nov Late"]
[Site "Chess.com INT"]
[Date "2024.11.26"]
[Round "1"]
[White "Brodsky, David"]
[Black "Portal Ramos, Cristian"]
[Result "1-0"]
[WhiteElo "2538"]
[BlackElo "2195"]
[PlyCount "55"]
[EventDate "2024.11.26"]
[EventType "swiss (blitz)"]
[EventRounds "11"]
[EventCountry "USA"]
[SourceTitle "CB49_2024"]
[SourceDate "2024.12.04"]
[SourceVersion "1"]
[SourceVersionDate "2024.12.04"]
[SourceQuality "1"]

1. e4 c5 2. Nf3 d6 3. d4 cxd4 4. Nxd4 Nf6 5. Nc3 a6 6. Rg1 e5 7. Nb3 h5 8. Be3 Be6 9. h3 Nbd7 10. Qd2 Be7 11. 0-0-0 Rc8 12. f4 exf4 13. Bxf4 Qb6 14. Nd4 Nc5 15. Qe3 Qa5 16. Nf5 Bxa2 17. Bxd6 Bxd6 18. Nxd6+ Ke7 19. Rd4 Rc7 20. e5 Nfd7 21. Qg5+ f6 22. Qxg7+ Ke6 23. Nc4 Bxc4 24. Bxc4+ Kxe5 25. Re1+ Kxd4 26. Rd1+ Kxc4 27. Qf7+ Kb4 28. Rd4# 1-0

[Event "Titled Tuesday intern op 24th Sep Late"]
[Site "Chess.com INT"]
[Date "2024.09.24"]
[Round "10"]
[White "Brodsky, David"]
[Black "Fromm, Marius"]
[Result "1-0"]
[WhiteElo "2534"]
[BlackElo "2477"]
[PlyCount "83"]
[EventDate "2024.09.24"]
[EventType "swiss (blitz)"]
[EventRounds "11"]
[EventCountry "USA"]
[SourceTitle "EXT 2025"]
[Source "ChessBase"]
[SourceDate "2024.10.14"]
[SourceVersion "1"]
[SourceVersionDate "2024.10.14"]
[SourceQuality "1"]

1. e4 c5 2. Nf3 e6 3. d4 cxd4 4. Nxd4 Nf6 5. Nc3 Nc6 6. Ndb5 Bc5 7. Bf4 0-0 8. Bc7 Qe7 9. Bd6 Bxd6 10. Qxd6 Qd8 11. 0-0-0 a6 12. Nd4 Ne7 13. h4 b5 14. h5 h6 15. g4 Bb7 16. f3 Re8 17. Rg1 Qb8 18. Nb3 Bc6 19. Qd2 b4 20. Ne2 Nh7 21. Ned4 Qb6 22. g5 hxg5 23. Bd3 e5 24. Nxc6 dxc6 25. Rxg5 Nxg5 26. Qxg5 f6 27. Qg4 Qe3+ 28. Kb1 Rad8 29. Rg1 Qh6 30. Nc5 Kh8 31. Ne6 Rd6 32. f4 exf4 33. Nxf4 c5 34. b3 a5 35. Ng6+ Nxg6 36. hxg6 Kg8 37. Qf3 Red8 38. e5 Rxd3 39. cxd3 Qh2 40. Rh1 Qd2 41. exf6 gxf6 42. Rd1 1-0

[Event "Titled Tuesday intern op 24th Sep Early"]
[Site "Chess.com INT"]
[Date "2024.09.24"]
[Round "3"]
[White "Brodsky, David"]
[Black "Lorenzo de la Riva, Lazaro"]
[Result "1-0"]
[WhiteElo "2534"]
[BlackElo "2415"]
[PlyCount "81"]
[EventDate "2024.09.24"]
[EventType "swiss (blitz)"]
[EventRounds "11"]
[EventCountry "USA"]
[SourceTitle "EXT 2025"]
[Source "ChessBase"]
[SourceDate "2024.10.14"]
[SourceVersion "1"]
[SourceVersionDate "2024.10.14"]
[SourceQuality "1"]

1. e4 c5 2. Nf3 Nc6 3. d4 cxd4 4. Nxd4 Nf6 5. Nc3 e6 6. Ndb5 Bc5 7. Bf4 0-0 8. Bc7 Qe7 9. Bd6 Bxd6 10. Qxd6 Qd8 11. 0-0-0 a6 12. Nd4 Ne7 13. h4 Ne8 14. Qh2 b5 15. h5 h6 16. g4 Bb7 17. Bd3 Qb8 18. Qh4 Qf4+ 19. Kb1 f6 20. Nde2 Qc7 21. f4 b4 22. Na4 Bc6 23. Nc5 Kh8 24. g5 Ng8 25. Rhg1 fxg5 26. fxg5 Qe5 27. Nb3 a5 28. gxh6 Nxh6 29. Rdf1 Rxf1+ 30. Rxf1 Nf6 31. Nf4 Kg8 32. Ng6 Qb8 33. e5 Nd5 34. Nd4 Qd8 35. Qg3 Qb6 36. Nxc6 dxc6 37. Nh4 Rf8 38. Bh7+ Kxh7 39. Rxf8 Ne7 40. Qg6+ Nxg6 41. hxg6# 1-0

[Event "Titled Tuesday intern op 24th Sep Early"]
[Site "Chess.com INT"]
[Date "2024.09.24"]
[Round "6"]
[White "Brodsky, David"]
[Black "Skliarov, Viktor"]
[Result "1/2-1/2"]
[WhiteElo "2534"]
[BlackElo "2345"]
[PlyCount "142"]
[EventDate "2024.09.24"]
[EventType "swiss (blitz)"]
[EventRounds "11"]
[EventCountry "USA"]
[SourceTitle "EXT 2025"]
[Source "ChessBase"]
[SourceDate "2024.10.14"]
[SourceVersion "1"]
[SourceVersionDate "2024.10.14"]
[SourceQuality "1"]

1. d4 Nf6 2. c4 e6 3. Nf3 c5 4. d5 exd5 5. cxd5 d6 6. Nc3 g6 7. Bf4 a6 8. a4 Bg7 9. h3 0-0 10. e3 Ne8 11. Be2 Nd7 12. 0-0 Qe7 13. Nd2 Ne5 14. a5 f5 15. Rb1 g5 16. Bh2 f4 17. exf4 gxf4 18. Re1 Bf5 19. Nce4 Bxe4 20. Nxe4 f3 21. Bxf3 Nxf3+ 22. gxf3 Be5 23. Bxe5 Qxe5 24. Ng3 Qf6 25. Re6 Qh4 26. Kg2 Rd8 27. Qb3 Rd7 28. Rbe1 Ng7 29. R6e4 Qf6 30. f4 Qh6 31. Qe3 Rdf7 32. f5 Qxe3 33. R1xe3 Nxf5 34. Nxf5 Rxf5 35. Rg3+ Kf7 36. Rh4 h5 37. Rb3 Rxd5 38. Rf4+ Ke8 39. Rxf8+ Kxf8 40. Rxb7 c4 41. Rc7 Rxa5 42. Rxc4 Rb5 43. Rc6 Rxb2 44. Rxa6 Rd2 45. Kf3 Ke7 46. Ke3 Rd1 47. Ra5 d5 48. Ke2 Rd4 49. Ke3 Rh4 50. Rxd5 Rxh3+ 51. Kf4 Kf6 52. Rd6+ Kf7 53. Ra6 Rh1 54. f3 h4 55. Kg4 h3 56. Kg3 Rf1 57. Ra3 Kf6 58. Kxh3 Kf5 59. Kg2 Rb1 60. Kg3 Rb4 61. Ra5+ Kf6 62. f4 Rb1 63. Kg4 Rg1+ 64. Kf3 Rf1+ 65. Ke3 Re1+ 66. Kf2 Rb1 67. Kg2 Rb3 68. Kf2 Rc3 69. Kg2 Rb3 70. Kf2 Rc3 71. Kg2 Rb3 1/2-1/2

[Event "Titled Tuesday intern op 24th Sep Late"]
[Site "Chess.com INT"]
[Date "2024.09.24"]
[Round "2"]
[White "Schernthaner, David"]
[Black "Brodsky, David"]
[Result "0-1"]
[WhiteElo "2390"]
[BlackElo "2534"]
[PlyCount "76"]
[EventDate "2024.09.24"]
[EventType "swiss (blitz)"]
[EventRounds "11"]
[EventCountry "USA"]
[SourceTitle "EXT 2025"]
[Source "ChessBase"]
[SourceDate "2024.10.14"]
[SourceVersion "1"]
[SourceVersionDate "2024.10.14"]
[SourceQuality "1"]

1. g3 c5 2. Bg2 Nc6 3. e4 g6 4. d3 Bg7 5. Nc3 d6 6. Be3 Rb8 7. Qd2 b5 8. Nge2 b4 9. Nd1 Nd4 10. Nc1 e6 11. 0-0 h5 12. c3 Nc6 13. f4 h4 14. f5 hxg3 15. hxg3 gxf5 16. exf5 Ne5 17. Nf2 bxc3 18. bxc3 Bb7 19. Ne4 Nf6 20. fxe6 fxe6 21. Bg5 Nxe4 22. dxe4 Qd7 23. Nd3 Nxd3 24. Qxd3 Be5 25. Rab1 a6 26. Qf3 Qg7 27. Qg4 Kd7 28. Bh3 Rxh3 29. Qxh3 Qxg5 30. Rf7+ Kc6 31. Qxe6 Qxg3+ 32. Kf1 Qd3+ 33. Kf2 Qd2+ 34. Kf3 Qxc3+ 35. Kf2 Qc2+ 36. Kf3 Qxb1 37. Qd7+ Kb6 38. Qc7+ Ka7 0-1

[Event "Titled Tuesday intern op 24th Sep Early"]
[Site "Chess.com INT"]
[Date "2024.09.24"]
[Round "4"]
[White "Suleimen, Ergali"]
[Black "Brodsky, David"]
[Result "0-1"]
[WhiteElo "2333"]
[BlackElo "2534"]
[PlyCount "48"]
[EventDate "2024.09.24"]
[EventType "swiss (blitz)"]
[EventRounds "11"]
[EventCountry "USA"]
[SourceTitle "EXT 2025"]
[Source "ChessBase"]
[SourceDate "2024.10.14"]
[SourceVersion "1"]
[SourceVersionDate "2024.10.14"]
[SourceQuality "1"]

1. e4 e5 2. Nf3 Nc6 3. Bb5 a6 4. Ba4 Nf6 5. 0-0 Be7 6. Re1 b5 7. Bb3 0-0 8. a4 Rb8 9. c3 d6 10. axb5 axb5 11. d4 exd4 12. cxd4 d5 13. e5 Ne4 14. Nc3 Nxc3 15. bxc3 Bf5 16. Qe2 Qd7 17. h3 b4 18. Ba4 Qe6 19. Bd2 b3 20. Ng5 Bxg5 21. Bxg5 b2 22. Rab1 Bxb1 23. Rxb1 Qg6 24. Rxb2 Qxg5 0-1

[Event "Titled Tuesday intern op 17th Sep Early"]
[Site "Chess,com INT"]
[Date "2024.09.17"]
[Round "9"]
[White "Brodsky, David"]
[Black "Malyshev, Vasilij"]
[Result "0-1"]
[WhiteElo "2534"]
[BlackElo "2353"]
[PlyCount "76"]
[EventDate "2024.09.17"]
[EventType "swiss (blitz)"]
[EventRounds "11"]
[EventCountry "USA"]
[SourceTitle "EXT 2025"]
[Source "ChessBase"]
[SourceDate "2024.10.14"]
[SourceVersion "1"]
[SourceVersionDate "2024.10.14"]
[SourceQuality "1"]

1. d4 d5 2. c4 e6 3. Nf3 Nf6 4. g3 a6 5. Bg2 dxc4 6. 0-0 b5 7. Ne5 c6 8. a4 Bb7 9. b3 cxb3 10. Qxb3 Qxd4 11. Bb2 Qb4 12. Qc2 Qc5 13. Qd3 Qd6 14. Qf3 Be7 15. Na3 0-0 16. Rfd1 Qc7 17. Rac1 b4 18. Nac4 a5 19. Ng4 Nbd7 20. Nce5 Rad8 21. Nxc6 Bxc6 22. Rxc6 Qb8 23. e3 Nxg4 24. Qxg4 Ne5 25. Qe2 Rxd1+ 26. Qxd1 Nxc6 27. Bxc6 Qd6 28. Qg4 f6 29. Bb5 Rd8 30. Qe4 Qd1+ 31. Bf1 Qd5 32. Qg4 Rc8 33. e4 Qb3 34. e5 f5 35. Qd4 Rd8 36. Qb6 Qd5 37. Bb5 Bc5 38. Qxa5 Qd2 0-1

[Event "Titled Tuesday intern op 17th Sep Early"]
[Site "Chess,com INT"]
[Date "2024.09.17"]
[Round "4"]
[White "Brodsky, David"]
[Black "Terry, Renato"]
[Result "0-1"]
[WhiteElo "2534"]
[BlackElo "2508"]
[PlyCount "114"]
[EventDate "2024.09.17"]
[EventType "swiss (blitz)"]
[EventRounds "11"]
[EventCountry "USA"]
[SourceTitle "EXT 2025"]
[Source "ChessBase"]
[SourceDate "2024.10.14"]
[SourceVersion "1"]
[SourceVersionDate "2024.10.14"]
[SourceQuality "1"]

1. e4 e6 2. d4 d5 3. Nc3 Nf6 4. Bg5 Bb4 5. e5 h6 6. Bd2 Bxc3 7. bxc3 Ne4 8. Be3 c5 9. Bd3 Nxc3 10. Qg4 g6 11. dxc5 Qa5 12. Kf1 Nc6 13. Nf3 Qb4 14. Qxb4 Nxb4 15. Bd2 Nxd3 16. cxd3 Na4 17. d4 b6 18. cxb6 Ba6+ 19. Ke1 axb6 20. Bb4 Nb2 21. Kd2 Nd3 22. Bd6 Nxf2 23. Rhc1 Bc4 24. a4 Ne4+ 25. Ke3 Kd7 26. Bb4 Rhc8 27. Nd2 Nxd2 28. Kxd2 Ra6 29. a5 Rca8 30. Rc3 bxa5 31. Bc5 Rb8 32. Kc1 a4 33. Rf3 Ke8 34. Rh3 h5 35. g4 Rb3 36. Rxb3 Bxb3 37. gxh5 gxh5 38. Kb2 Bc4 39. Rg1 Bd3 40. Rg8+ Kd7 41. Rb8 Kc7 42. Re8 Bg6 43. Ka3 Ra5 44. Re7+ Kc6 45. Bd6 Rb5 46. Rc7+ Kb6 47. Rc3 Rb1 48. Kxa4 Rh1 49. h3 Bf5 50. Rc7 Rxh3 51. Rxf7 h4 52. Bc5+ Kc6 53. Rf6 Rh1 54. Rh6 h3 55. Kb4 Rc1 56. Ka3 Rxc5 57. Kb2 Rc4 0-1

[Event "Titled Tuesday intern op 17th Sep Early"]
[Site "Chess,com INT"]
[Date "2024.09.17"]
[Round "3"]
[White "Brodsky, David"]
[Black "Zhizmer, Yuri"]
[Result "1-0"]
[WhiteElo "2534"]
[BlackElo "2298"]
[PlyCount "41"]
[EventDate "2024.09.17"]
[EventType "swiss (blitz)"]
[EventRounds "11"]
[EventCountry "USA"]
[SourceTitle "EXT 2025"]
[Source "ChessBase"]
[SourceDate "2024.10.14"]
[SourceVersion "1"]
[SourceVersionDate "2024.10.14"]
[SourceQuality "1"]

1. e4 e6 2. d4 d5 3. Nc3 dxe4 4. Nxe4 Nd7 5. Nf3 Ngf6 6. Nxf6+ Nxf6 7. Be3 a6 8. Bd3 Be7 9. Qe2 b6 10. 0-0-0 Bb7 11. Kb1 h6 12. Ne5 0-0 13. Rhg1 Nd5 14. g4 Nxe3 15. Qxe3 Bh4 16. f4 Qe7 17. g5 Kh8 18. Qh3 Bf2 19. gxh6 g6 20. Rxg6 Bxd4 21. Rg7 1-0

[Event "Titled Tuesday intern op 17th Sep Early"]
[Site "Chess,com INT"]
[Date "2024.09.17"]
[Round "2"]
[White "Palczert, Matyas"]
[Black "Brodsky, David"]
[Result "0-1"]
[WhiteElo "2345"]
[BlackElo "2534"]
[PlyCount "78"]
[EventDate "2024.09.17"]
[EventType "swiss (blitz)"]
[EventRounds "11"]
[EventCountry "USA"]
[SourceTitle "EXT 2025"]
[Source "ChessBase"]
[SourceDate "2024.10.14"]
[SourceVersion "1"]
[SourceVersionDate "2024.10.14"]
[SourceQuality "1"]

1. e4 c5 2. Nf3 d6 3. Bb5+ Bd7 4. c4 Nf6 5. Nc3 g6 6. 0-0 Bg7 7. d4 cxd4 8. Nxd4 Nc6 9. Bxc6 bxc6 10. c5 0-0 11. h3 Qb8 12. Re1 Rd8 13. cxd6 exd6 14. Qf3 Qb6 15. Nb3 Re8 16. Bg5 Re6 17. Rad1 Ne8 18. Be3 Qc7 19. Bd4 Nf6 20. Qd3 Rae8 21. f3 Bc8 22. Bf2 Bb7 23. Nd4 R6e7 24. Kh1 d5 25. Bh4 dxe4 26. fxe4 c5 27. Nf3 Nxe4 28. Nd5 Bxd5 29. Qxd5 Re6 30. Rf1 Bxb2 31. Rb1 Bf6 32. Rb7 Qf4 33. Nh2 Qxh4 34. Ng4 Ng3+ 35. Kg1 Nxf1 36. Qd7 R6e7 37. Qc6 Bd4+ 38. Kh1 Ng3+ 39. Kh2 Nf5 0-1